Подробности
| 000 -МАРКЕР |
| контрольное поле |
01193nam2a2200229 4500 |
| 001 - ИДЕНТИФИКАТОР ЗАПИСИ |
| контрольное поле |
RU\NLR\BIBL_A\012688675 |
| 005 - ИДЕНТИФИКАТОР ВЕРСИИ |
| контрольное поле |
20250624115443.0 |
| 035 ## - ДРУГИЕ СИСТЕМНЫЕ НОМЕРА |
| Идентификатор записи |
(NLR Aleph) 012688675 |
| 100 ## - ДАННЫЕ ОБЩЕЙ ОБРАБОТКИ |
| Данные общей обработки |
20220119d1897 |||y0rusy50 ca |
| 101 0# - ЯЗЫК РЕСУРСА |
| Язык текста, звукозаписи и т.д. |
русский |
| 102 ## - СТРАНА ПУБЛИКАЦИИ ИЛИ ПРОИЗВОДСТВА |
| Страна публикации |
российская федерация |
| 105 ## - ПОЛЕ КОДИРОВАННЫХ ДАННЫХ: ТЕКСТОВЫЕ МАТЕРИАЛЫ, МОНОГРАФИЧЕСКИЕ |
| Кодированные данные о монографическом текстовом документе |
a z 000 y |
| 200 0# - ЗАГЛАВИЕ И СВЕДЕНИЯ ОБ ОТВЕТСТВЕННОСТИ |
| Основное заглавие |
(с IX по XIV ст.) |
| Сведения, относящиеся к заглавию |
в тексте помещено 151 полотипажных изображений |
| Первые сведения об ответственности |
издание Д. Д. Полубояринова |
| 210 ## - ПУБЛИКАЦИЯ, РАСПРОСТРАНЕНИЕ И ДР. |
| Дата издания, распространения и т.д. |
1897 |
| Место издания, распространения и т.д. |
Б. м. |
| 215 ## - ФИЗИЧЕСКАЯ ХАРАКТЕРИСТИКА |
| Специфическое обозначение материала и объем |
249, VII с. |
| Другие сведения о физической характеристике |
ил. |
| 316 ## - ПРИМЕЧАНИЯ ОБ ОСОБЕННОСТЯХ ЭКЗЕМПЛЯРА |
| Текст примечания |
К экз. РНБ на шифре 20.104.7.31(1) приплетено 2 ед. |
| Организация и экземпляр, к которому относится поле |
NLR: 20.104.7.31(1) |
| 461 #0 - УРОВЕНЬ НАБОРА |
| Встроенное поле |
001RU\NLR\BIBL_A\012688517 |
| -- |
2001#$aРодная старина$v(с IX по XIV ст.) |
| Системный номер (АБИС) связанной записи |
12839037 |
| Автор |
Сиповский, В. Д. (1843-1895) |
| Место публикации |
С.-Петербург |
| Дата публикации |
1897-1904 |
| Издание |
5-е изд. |
| Первые сведения об ответственности |
составил В. Д. Сиповский |
| Имя издателя, распространителя и т.д. |
Паровая старопечатня М. М. Гутзац |
| Сведения, относящиеся к заглавию |
отечественная история в рассказах и картинах |
| Заглавие |
Родная старина |
| Номер тома |
(с IX по XIV ст.) |
| 852 ## - МЕСТОНАХОЖДЕНИЕ И ШИФР ХРАНЕНИЯ |
| Идентификатор организации |
NLR |
| Шифр хранения (Call Number) |
20.104.7.31(1) |
| 942 ## - ДОПОЛНИТЕЛЬНЫЕ ЭЛЕМЕНТЫ ЗАПИСИ (АБИС) |
| Тип экземпляра АБИС |
Книга |
| 980 ## - КОЛЛЕКЦИЯ |
| Название коллекции |
Национальная библиография |